| 000 | 00000nam 2200000za 4500 |
| 001 | 9.846803 |
| 003 | CaOODSP |
| 005 | 20221107153306 |
| 007 | cr ||||||||||| |
| 008 | 171108s1941 onc os f000 0 eng d |
| 040 | |aCaOODSP|beng |
| 041 | |aeng|afre |
| 043 | |an-cn--- |
| 086 | 1 |aCS81-D/63-1941-PDF |
| 100 | 1 |aFeeley, S. A. |
| 245 | 10|aHealth education and medical services in Canadian schools |h[electronic resource] / |cDominion Bureau of Statistics, Education Statistics Branch. |
| 246 | 1 |iAdded cover title: |aEnseignement de l'hygiène et services médicaux dans les écoles canadiennes |
| 260 | |aOttawa : |bDominion Bureau of Statistics, |c1941. |
| 300 | |a29 p. |
| 490 | 1 |aEducation bulletin ; |vno. 1, 1941 |
| 500 | |aCover title. |
| 500 | |aAuthor: S.A. Feeley. Cf. Preface. |
| 500 | |aDigitized edition from print [produced by Statistics Canada]. |
| 520 | |a“The Education Branch of the Dominion Bureau of Statistics has undertaken in this bulletin, for the first time, to provide a survey of the existing services for health protection and disease prevention within the school population. Due to lack of uniformity in practice, as between different areas, statistical compilations are limited. Records are maintained in all municipalities where such services exist, but the terms used may vary within the same province, and in some municipalities the records are not compiled for publication. The tables included are therefore representative of the services in existence but are not comprehensive of all health services and assistance given to school children”--Preface, p. [1]. |
| 546 | |aText in English and French. |
| 692 | 07|2gccst|aSchools |
| 692 | 07|2gccst|aHealth care |
| 692 | 07|2gccst|aHealth promotion |
| 692 | 07|2gccst|aStatistics |
| 710 | 1 |aCanada.|bDominion Bureau of Statistics.|bEducation Branch. |
| 792 | |tHealth education and medical services in Canadian schools |efre|w(CaOODSP)9.846808 |
| 830 | #0|aEducation bulletin (Ottawa, Ont.)|vno. 1, 1941|w(CaOODSP)9.841635 |
| 856 | 40|qPDF|s727 KB|uhttps://publications.gc.ca/collections/collection_2017/statcan/CS81-D-63-1941.pdf |
| 986 | |a81-D-63 |